Zlatan Ibrahimović’s Greatest Teammates XI - Statistics

General Stats
  • This quiz has been taken 101 times
  • The average score is 9 of 11
Answer Stats
Pos Club Nationality Player % Correct
GK Juventus Italian Gianluigi Buffon
98%
FW Barcelona Argentinian Lionel Messi
96%
MF Barcelona Spanish Xavi
92%
FW All (See reminder in caveats) Swedish Zlatan Ibrahimović
89%
DF Paris Saint-Germain Brazilian Thiago Silva
88%
MF Juventus Czech Pavel Nedvěd
84%
DF Juventus French Lilian Thuram
74%
FW Milan Brazilian Ronaldinho
70%
DF Milan Italian Alessandro Nesta
67%
DF Ajax / Inter /Barça / PSG Brazilian Maxwell
65%
MF Juventus / Inter French Patrick Vieira
46%
No matching quizzes found
Score Distribution
Percent of People with Each Score
Percentile by Number Answered
Your Score History
You have not taken this quiz